000 01631cam a22004694i 4500
003 PE-LiUPU
005 20250731173056.0
008 150623s r 000 0 d
020 _a0830815333
035 _a(Sirsi) i9780830815333
040 _aPE-LiUPU
_bspa
_cPE-LiUPU
_erda
049 _aPRUA
082 0 4 _a231.5
_bH37
_221
100 1 _aHelm, Paul,
_eautor.
245 1 4 _aThe providence of God /
_cPaul Helm.
264 1 _aDowners Grove, Illinois :
_bInterVarsity Press,
_c1994.
300 _a246 páginas ;
_c23 centímetros
336 _atext
_2rdacontent
337 _aunmediated
_2rdamedia
338 _avolume
_2rdacarrier
490 0 _aContours of Christian Theology
504 _aIncluye bibliografía.
505 0 _aOrientation. -Providence. -The theological framework. -Providence in creation. -Providence and guidance. -Providence and Providence. -Accountability. -Providence and evil. -Reckoning with Providence.
526 _aSEG42
526 _aSEG41
526 _aSEG40
526 _aSEG39
526 _aP94
526 _aP87
526 _aP86
526 _aP85
526 _aP77
526 _aP76
526 _aP35
650 0 4 _aProvidencia y gobierno de Dios.
942 _2ddc
_cBOOK
949 _a231.5 H37
_wDEWEY
_c1
_i48613
_lCCODEBUL1
_mBUL
_r0
_sY
_tBOOK
_u2015-6-24
_xTEOLOGIA
_PP35
_0COMPRA
_o.STAFF. Colección General
994 _aC0
_bPEPRU
596 _a1
999 _a231.5 H37
_wDEWEY
_c27782
_i48613
_f2021-11-9
_g5
_lCCODEBUL1
_mBUL
_r0
_sY
_tBOOK
_u2015-6-24
_xTEOLOGIA
_PP35
_0COMPRA
_o.STAFF. Colección General
_d27782
980 _81
_gALBERTO SANCHEZ Responsable de Automatización